Movies Quiz

Random Movies or Oscar Quiz
Score 0/20 Timer 10:00
0 Plays Today
% Correct
Cate Blanchett
Elizabeth: The Golden Age
96.4%
Johnny Depp
Sweeney Todd
94.8%
Elliot Page
Juno
93.5%
Daniel Day-Lewis
There Will Be Blood
91%
Saoirse Ronan
Atonement
90.5%
Javier Bardem
No Country for Old Men
88.6%
George Clooney
Michael Clayton
88.5%
Cate Blanchett
I'm Not There
86.3%
Casey Affleck
The Assassination of
Jesse James by the
Coward Robert Ford
85.1%
Marion Cotillard
La Vie en Rose
80.8%
% Correct
Viggo Mortensen
Eastern Promises
80.2%
Laura Linney
The Savages
79%
Tommy Lee Jones
In the Valley of Elah
75.1%
Philip Seymour Hoffman
Charlie Wilson's War
75%
Hal Holbrook
Into the Wild
73.2%
Julie Christie
Away from Her
70.4%
Ruby Dee
American Gangster
70.3%
Amy Ryan
Gone Baby Gone
65.5%
Tilda Swinton
Michael Clayton
60.1%
Tom Wilkinson
Michael Clayton
54.9%
Remove Ads.
Support Sporcle.
Get the best of Sporcle when you Go Orange. This ad-free experience offers more features, more stats, and more fun while also helping to support Sporcle. Thank you for becoming a member.

You're not logged in!

Compare scores with friends on all Sporcle quizzes.
OR
Log In

Show Comments

Extras

Top Quizzes Today


Score Distribution

Your Account Isn't Verified!

In order to create a playlist on Sporcle, you need to verify the email address you used during registration. Go to your Sporcle Settings to finish the process.

Report this User

Report this user for behavior that violates our Community Guidelines.

Details: